| 000 | 00000nam##2200000za#4500 |
| 001 | 9.616009 |
| 003 | CaOODSP |
| 005 | 20250319164513 |
| 007 | ta |
| 008 | 150406|2002||||xxc||||| f|0| 0 eng|d |
| 040 | |aCaOODSP|beng |
| 043 | |an-cn--- |
| 086 | 1 |aNH18-23/55-8E |
| 110 | 2 |aCanada Mortgage and Housing Corporation. |
| 245 | 10|aSpecial studies on 1996 Census data: seniors' housing conditions |
| 260 | |aOttawa - Ontario : |bCanada Mortgage and Housing Corporation |c2002. |
| 300 | |a7p. : |btables ; |c28 cm. |
| 490 | 1 |aResearch highlight. Socio-economic series |v55-8 |
| 563 | |aPamphlet |
| 590 | |a02-34|b2002-08-23 |
| 690 | 07|aHousing|2gcpds |
| 690 | 07|aSeniors|2gcpds |
| 775 | 08|tÉtudes spéciales sur les données du recensement de 1996: conditions de logement des aînés |w(CaOODSP)9.625958 |
| 776 | 0#|tSpecial studies on 1996 Census data : |w(CaOODSP)9.571733 |
| 830 | #0|aResearch highlight. Socio-economic series ;|v55-8|w(CaOODSP)9.514827 |
| 986 | |a62841 |